[Event "Europe Echecs online op April"]
[Site "Europe Echecs INT"]
[Date "2020.04.11"]
[Round "5"]
[White "Boury, Francois"]
[Black "Ganate, Arthur"]
[Result "0-1"]
[WhiteElo "1938"]
[BlackElo "1702"]
[PlyCount "60"]
[EventDate "2020.04.11"]
[EventType "swiss (blitz)"]
[EventRounds "11"]
[EventCountry "FRA"]
[SourceTitle "EXT 2021"]
[Source "ChessBase"]
[SourceDate "2020.10.23"]
[SourceVersion "1"]
[SourceVersionDate "2020.10.23"]
[SourceQuality "1"]

1. c4 b6 2. Nc3 c5 3. g3 Bb7 4. Nf3 Bxf3 5. exf3 Nc6 6. Bg2 g6 7. 0-0 Bg7 8. f4 e6 9. Re1 Nge7 10. b3 0-0 11. Bb2 Rc8 12. Na4 Nd4 13. d3 d6 14. Qd2 Qd7 15. Rad1 d5 16. Nc3 dxc4 17. dxc4 Rcd8 18. Qc1 Qc8 19. Ne4 Nef5 20. Bc3 Nc6 21. Bxg7 Kxg7 22. Qc3+ Nfd4 23. a3 a5 24. Ng5 h6 25. Nf3 Qd7 26. h3 Kg8 27. Nxd4 Nxd4 28. Be4 Ne2+ 29. Rxe2 Qxd1+ 30. Kg2 Qxe2 0-1

[Event "Europe Echecs online op April"]
[Site "Europe Echecs INT"]
[Date "2020.04.11"]
[Round "7"]
[White "Rode, Anthony"]
[Black "Ganate, Arthur"]
[Result "1-0"]
[WhiteElo "2055"]
[BlackElo "1702"]
[PlyCount "71"]
[EventDate "2020.04.11"]
[EventType "swiss (blitz)"]
[EventRounds "11"]
[EventCountry "FRA"]
[SourceTitle "EXT 2021"]
[Source "ChessBase"]
[SourceDate "2020.10.23"]
[SourceVersion "1"]
[SourceVersionDate "2020.10.23"]
[SourceQuality "1"]

1. e4 c5 2. Nf3 e6 3. c4 Nc6 4. Nc3 Nf6 5. Be2 d6 6. 0-0 Nd4 7. Re1 Nxe2+ 8. Qxe2 Be7 9. d4 cxd4 10. Nxd4 0-0 11. b3 a6 12. Bb2 Qc7 13. Rac1 b6 14. Kh1 Bb7 15. f3 Rfd8 16. Red1 Rac8 17. Qe3 Re8 18. Nde2 Ba8 19. Na4 Rb8 20. Ba1 Bc6 21. Nac3 Qb7 22. Nd4 Bd7 23. Nce2 Rec8 24. a4 h6 25. Nc2 Be8 26. g4 b5 27. axb5 axb5 28. g5 hxg5 29. Rg1 g4 30. Bxf6 Bxf6 31. Rxg4 bxc4 32. Rcg1 Kf8 33. Nf4 Qxb3 34. Nxe6+ fxe6 35. Qf4 Rc6 36. Rxg7 1-0